00479 2200181 4500001002100000005001500021008004100036020002200077035001900099041000700118082001000125090001600135100002700151245003400178260003200212300003900244650001400283INLIS00000000002089520241224130931241224||||||||| | ||| |||| || |  a978-979-071-087-0 0010-1224020895 aid0 a633.7 a633.7 PED p0 aTim Karya Tani Mandiri00aPedoman Budidaya Tanaman Kopi aBandungbNuansa Auliac2010 a19x12,5 cm, viii, 192 hlm.; ilus.: 0aBudi Daya